| 000 | 00541nam a2200169 4500 | ||
|---|---|---|---|
| 001 | 132639 | ||
| 003 | ES-MaACL | ||
| 005 | 20230906194222.0 | ||
| 007 | t| | ||
| 008 | 070214s1931 it r ||||1| ita d | ||
| 100 | 1 |
_aRomano, Silvio. _999258 |
|
| 245 | 1 | 0 |
_aAppunti sul pegno dei frutti nel Diritto Romano / _cSilvio Romano. |
| 260 |
_aPadova : _bCedam, _c1931. |
||
| 300 |
_aVII, 122 p. ; _c26 cm. |
||
| 500 | _aEstratto dagli Anuali dell'Universitá di Camerino, Sezione giuridica, vol. V, 1931. | ||
| 852 |
_aES-MaACL _jC-5236 _bR.25785 |
||
| 999 |
_c132639 _d132639 |
||